000 00613nam a2200205Ii 4500
003 JO-AjNU
008 230606s9999||||xx |||||||||||||| ||und||
020 _a978-81-203-3614-8
040 _aJO-AjNU
_beng
_erda
_cJO-AjNU
041 _aeng
050 1 4 _aHD30.23.2009
100 3 _aMohapatra,Sanjay,
_eauthor
_9385
245 0 0 _aCases in Management Information Systems
264 3 1 _aNew Delhi: PHI Learning Private Limited,2009
300 _a250p
336 _atext
_btxt
_2rdacontent
337 _aunmediated
_bn
_2rdamedia
338 _avolume
_bnc
_2rdacarrier
650 4 _a Management Information Systems
_9386
999 _aE204
_c204
_d204